| 000 | 01249nam0a2200289 4500 | ||
|---|---|---|---|
| 001 | RU\NLR\bibl\449465 | ||
| 005 | 20250623181300.0 | ||
| 035 | _a(NLR Aleph) 000443113 | ||
| 090 |
_a826613 _c826613 |
||
| 100 | _a20031020d2002 |||y0rusy50 ca | ||
| 101 | 0 |
_arus _erus |
|
| 102 | _aRU | ||
| 105 | _aa ||||||||| | ||
| 200 | 1 |
_aОбеспечение радиационной безопасности сельскохозяйственных животных _eПрил. |
|
| 210 |
_aМ. _cВетеринар. консультант _d2002 |
||
| 215 |
_a127 с. _cил. _d26 |
||
| 225 | 1 |
_aВетеринарная патология _eНауч.-практ. журн. по фундам. и прикл. вопр. ветеринарии _x1682-5616 _vN 4 |
|
| 606 | 0 |
_aСельскохозяйственные животные _jИнструкции _xРадиационная безопасность _92305579 _3RU\NLR\auth\661380117 |
|
| 606 | 0 |
_aВетеринарная радиология _jИнструкции _91250993 _3RU\NLR\auth\66195144 |
|
| 686 | _aП866.1я8 | ||
| 801 | 0 |
_aRU _bNLR _c20031020 _gPSBO |
|
| 801 | 1 |
_aRU _bNLR _c20031020 |
|
| 852 |
_aNLR _jП14/931 |
||
| 942 | _cBOOK | ||
| 980 | _aNB | ||